Statistics for Multiple Choice - General Knowledge 2

Click here to take the quiz!

General Stats

  • This quiz has been taken 1,072 times
  • The average score is 8 of 20

Answer Stats

QuestionAnswer% Correct
What is a 'Wombat'?An Australian Marsupial Animal
85%
'The Man in Black' .... the nickname for which performer?Johnny Cash
72%
How many 'Ribs' has a Frog?None
62%
Which Island is Brunei a part of?Borneo
53%
Cordelia, Regan and Goneril are characters from which Shakespeare play?King Lear
48%
What is the 'Surname' of the family with 5 daughters in the Jane Austen novel Pride & Prejudice?Bennett
44%
'B' is the periodic symbol for which Element?Boron
44%
Whose quote is "The man who does not read has no advantage over the man who cannot read"?Mark Twain
44%
Which Canal is longest at 193 km (120 ml) ?Suez Canal
41%
In which country was the composer and virtuoso pianist Chopin born?Poland
39%
Which 'Children's Book' character is censored in China because it is said to resemble President Xi Jinping?Winnie the Pooh
39%
Bishkek is the capital of which country?Kyrgyzstan
36%
The Volga River discharges into which body of water?The Caspian Sea
33%
The State Capital of Kansas, USA is ?Topeka
32%
Which planet in the Solar System revolves backwards compared to Earth?Venus
23%
What did the famous diarist Samuel Pepys bury in his garden during the 'Great Fire of London'?A Parmesan Cheese
22%
Who made the famous and successful 'Midnight Ride' from Lexington to warn Concord of the advance of the British?Samuel Prescott
21%
The World's highest waterfall - Angel Falls in Venezuela (807 m (2,648 ft), was named for what?Aviator Jimmie Angel
16%
The top Coffee drinking Nation at 12 Kilo per person per year is?Finland
13%
Which Nation holds the Athletic World Record for the 4 X 1mile relay at 15:49:08?Ireland
4%

Score Distribution

Percentile by Number Answered

Percent of People with Each Score

Your Score History

You have not taken this quiz